|
|
|
|
| LEADER |
01074nam a2200289 a 4500 |
| 001 |
4129 |
| 003 |
BD-DhAAL |
| 005 |
20150616093416.0 |
| 008 |
150616s2002 ii ab b 001 0 eng d |
| 010 |
|
|
|a 2002302064
|
| 020 |
|
|
|a 8178290715
|
| 020 |
|
|
|a 8178290723
|
| 040 |
|
|
|a ANL
|b eng
|d BD-DhAAL
|
| 050 |
0 |
0 |
|a HN49.C6+
|
| 082 |
0 |
4 |
|a 307.120954
|2 21
|
| 100 |
1 |
|
|a Kumar, Somesh,
|d 1963-
|9 12137
|
| 245 |
1 |
0 |
|a Methods for community participation :
|b a complete guide for practitioners /
|c Somesh Kumar.
|
| 260 |
|
|
|a New Delhi :
|b Vistaar Publications,
|c c2002.
|
| 300 |
|
|
|a 333 p. :
|b ill., maps ;
|c 25 cm.
|
| 504 |
|
|
|a Includes bibliographical references (p. [325]-327) and index.
|
| 541 |
|
|
|e 4129
|
| 650 |
|
0 |
|a Participatory rural appraisal
|z India.
|9 12138
|
| 650 |
|
0 |
|a Community development
|z India.
|9 7526
|
| 650 |
|
0 |
|a Rural development
|z India
|x Citizen participation.
|9 12139
|
| 942 |
|
|
|2 ddc
|c BK
|
| 999 |
|
|
|c 34743
|d 34743
|
| 952 |
|
|
|0 0
|1 0
|2 ddc
|4 0
|6 307_120954000000000_KUM
|7 0
|9 54348
|a SCL
|b SCL
|c GEN
|d 2015-06-16
|g 520.00
|l 0
|o 307.120954 KUM
|p 3020004129
|r 2015-06-16
|t 1
|w 2015-06-16
|y BK
|